Statistics for Indiana Pacers 20 Points Per Game Players

Click here to take the quiz!

General Stats

  • This quiz has been taken 97 times
    (43 since last reset)
  • The average score is 9 of 17

Answer Stats

#PlayersLast% Correct
6Reggie Miller1997
100%
3Paul George2017
97%
4Jermaine O'Neal2006
92%
1Tyrese Haliburton2023
92%
1Victor Oladipo2018
92%
1Domantas Sabonis2021
89%
3Danny Granger2011
75%
1Malcolm Brogdon2021
47%
1Jalen Rose2001
44%
3George McGinnis1975
31%
2Mel Daniels1971
28%
1Chuck Person1989
25%
2Billy Knight1977
22%
1Clark Kellogg1983
22%
3Roger Brown1971
22%
2Freddie Lewis1969
17%
1Bob Netolicky1970
3%

Score Distribution

Percentile by Number Answered

Percent of People with Each Score

Your Score History

You have not taken this quiz since the last reset